UBT Library

Tropical feeds : (Record no. 40125)

000 -LEADER
fixed length control field 00588cam a2200217 i 4500
001 - CONTROL NUMBER
control field 3657332
005 - DATE AND TIME OF LATEST TRANSACTION
control field 20180111081417.0
008 - FIXED-LENGTH DATA ELEMENTS--GENERAL INFORMATION
fixed length control field 760805s1975 it a b i001 0 eng
010 ## - LIBRARY OF CONGRESS CONTROL NUMBER
LC control number 76369920
015 ## - NATIONAL BIBLIOGRAPHY NUMBER
National bibliography number S75-34
040 ## - CATALOGING SOURCE
Original cataloging agency DLC
Transcribing agency DLC
Modifying agency DLC
041 ## - LANGUAGE CODE
Language code of text/sound track or separate title eng
080 ## - UNIVERSAL DECIMAL CLASSIFICATION NUMBER
Universal Decimal Classification number 636.0855.0913 GOH
082 00 - DEWEY DECIMAL CLASSIFICATION NUMBER
Classification number 636.0855.0913 GOH
100 1# - Rafti
Rafti 9
101 ## - Shkurtesa
Shkurtesa MJE
245 10 - TITLE STATEMENT
Title Tropical feeds :
Statement of responsibility, etc by Bo Göhl.
504 ## - BIBLIOGRAPHY, ETC. NOTE
Bibliography, etc Bibliography: p. 567-583.
906 ## - LOCAL DATA ELEMENT F, LDF (RLIN)
a 7
b cbc
c orignew
d 4
e ncip
f 19
g y-gencatlg
942 ## - ADDED ENTRY ELEMENTS (KOHA)
Source of classification or shelving scheme
Item type Books
Holdings
Withdrawn status Lost status Source of classification or shelving scheme Damaged status Not for loan Permanent location Current location Date acquired Total Checkouts Full call number Barcode Date last seen Price effective from Koha item type
          UBT - Lipjan UBT - Lipjan 01/11/2018   636.0855.0913 GOH 002-2994954 01/11/2018 01/11/2018 Books
UBT Library © 2015-2024. All rights reserved University Education for Business and Technology